000 00574cam a22002053a 4500
001 36685
003 PGUSA
005 20140828083811.0
008 110710s2011||||xxu|||||s|||||000 | eng d
040 _aPGUSA
_beng
042 _adc
245 1 0 _aNational Rhymes of the Nursery
_h[electronic resource] /
_cVarious
260 _bProject Gutenberg,
_c2011
506 _aPublic domain in the USA.
516 _aElectronic text
700 1 _aBrowne, Gordon,
_d1858-1932
830 0 _aProject Gutenberg
_v36685
856 4 0 _uhttp://www.gutenberg.org/ebooks/36685
942 _cEB
999 _c265940
_d265940